00445nam a2200085Ia 4500008004100000245002600041300022200067650001600289856005400305170517s9999 xx 000 0 und d 4aThe 46 Year Pregnancy aIn 1955, in a small village outside Casablanca, 26-year-old Zahra was pregnant with her first child. But after 48 hours of painful labor the baby was still not born. She was rushed to the local hospital, but in the... xTechnology. uhttp://topdocumentaryfilms.com/46-year-pregnancy/